000 01407cam a22002054a 4500
005 20250605164125.0
008 250528s ||||||||||||||||||||||||d
035 _a18442
020 _a9602180722
040 _aGR-AtMCL
_bgre
_dGR-AtMCL
_eAACR2
245 1 _aΕισαγωγή στις Σύγχρονες Θεωρίες Οικονομικής Μεγέθυνσης
260 _bΚριτική - Επιστημονική Βιβλιοθήκη,
_c1993
300 _a288
520 _aΠρόλογος, Οικονομική Μεγέθυνση: Θεωρίες και Μοντέλα και ''Πραγματικότητα'', Έννοιες και Μέθοδοι της Θεωρίας της Μεγέθυνσης, Το Μοντέλο Οικονομικής Μεγέθυνσης των Harrod - Domar, Το Νεοκλασσικό Μονοτομεακό Μοντέλο Μεγέθυνσης, Διτομεακά Μοντέλα Οικονομικής Μεγέθυνσης, Οι Κριτικοί του Cambridge, Απλές Έννοιες Τεχνικής Προόδου, Η Μετάδοση και η Αιτία της Τεχνικής Προόδου, Μοντέλα Οικονομικής Μεγέθυνσης: Ένα Συμπέρασμα, Βιβλιογραφία.
700 1 _aJones Hywel G
_94707
700 1 _aΣταμάτης Γιώργος
_94318
942 _cBK
999 _c3803
_d3803